[Event "Val Thorens op"]
[Site "Val Thorens"]
[Date "1995.??.??"]
[Round "?"]
[White "Magnier, Herve"]
[Black "Py, Walter"]
[Result "1-0"]
[WhiteElo "2205"]
[BlackElo "1860"]

1.d4 d5 2.Nf3 Nf6 3.c4 c6 4.Nc3 dxc4 5.a4 Bf5 6.Ne5 e6 7.e3 a5 8.Be2 Na6
9.f3 Nb4 10.e4 Bg6 11.Be3 Be7 12.O-O O-O 13.Bxc4 Nd7 14.Nxg6 hxg6 15.Rc1 e5
16.d5 Nb6 17.Bb3 cxd5 18.exd5 Rc8 19.Qe2 Re8 20.Rfd1 Bg5 21.Rd2 Bxe3+ 22.Qxe3 Nc4
23.Bxc4 Rxc4 24.Rcd1 Qb8 25.b3 Rf4 26.g3 Rf5 27.Kg2 Rd8 28.d6 Nc6 29.Nd5 Qxd6
30.g4 Rf6 31.Nxf6+ Qxf6 32.Rxd8+ Nxd8 33.Qa7 Ne6 34.Qxb7 Ng5 35.Qd5 Qf4 36.Rf1 e4
37.fxe4 Qxg4+ 38.Kh1 Qe2 39.Qc4 Qe3 40.Qc8+ Kh7 41.Qg4 f6 42.Qh4+ Kg8 43.Qe1 Qh3
44.Rf2 Qxb3 45.Qxa5 Qb1+ 46.Kg2 Qxe4+ 47.Kf1 Qd3+ 48.Kg2 Qh3+ 49.Kh1 Qe3
50.Qa8+ Kh7 51.Qg2 Qc1+ 52.Rf1 Qc3 53.Rg1 Qd3 54.a5 Nh3 55.Qxg6+ Qxg6 56.Rxg6 Kxg6
57.a6 Kh5 58.a7 g5 59.a8=Q g4 60.Qd5+ Kg6 61.Qg8+ Kh6 62.Kg2 f5 63.Kg3 Kh5
64.Qh7+ Kg5 65.Qg7+ Kh5 66.Qe5 Kg5 67.Qe7+ Kh5 68.Qh4+ Kg6 69.Kg2 Kf7 70.Qh6  1-0

[Event "Velden op"]
[Site "Velden"]
[Date "1995.??.??"]
[Round "4"]
[White "Kelecevic, Nedeljko"]
[Black "Podkriznik, Gregor"]
[Result "1-0"]
[WhiteElo "2435"]
[BlackElo "2210"]

1.d4 d5 2.Nf3 Nf6 3.c4 c6 4.Nc3 dxc4 5.a4 Bf5 6.Ne5 Nbd7 7.Nxc4 Nb6 8.Ne5 e6
9.a5 Nbd5 10.a6 Qc8 11.f3 Nb4 12.e4 Bg6 13.g4 Be7 14.h4 h5 15.g5 Nd7 16.Nxg6 fxg6
17.Bh3 O-O 18.Bxe6+ Kh7 19.axb7 Qxb7 20.O-O Rad8 21.Qe2 c5 22.d5 c4 23.f4 Nc5
24.Bh3 Nb3 25.Be3 Nxa1 26.f5 Nac2 27.fxg6+ Kxg6 28.Bf5+ Rxf5 29.exf5+ Kf7
30.Qxh5+ Kf8 31.f6  1-0

[Event "Vienna op"]
[Site "Vienna"]
[Date "1995.??.??"]
[Round "4"]
[White "Bogdanov, Valentin"]
[Black "Kolesar, Milan"]
[Result "1-0"]
[WhiteElo "2445"]
[BlackElo "2240"]

1.d4 d5 2.Nf3 Nf6 3.c4 c6 4.Nc3 dxc4 5.a4 Bf5 6.e3 e6 7.Bxc4 Bb4 8.O-O Nbd7
9.Qb3 a5 10.Bd2 O-O 11.Rac1 Bg4 12.Rfd1 Qb6 13.Be2 Rac8 14.Nb1 Nd5 15.Bxb4 Nxb4
16.Nc3 Rfd8 17.Ne4 Qc7 18.h3 Bf5 19.Nc3 Qb6 20.Nh4 Bg6 21.Nxg6 hxg6 22.Ne4 Nf6
23.Nc5 Re8 24.Bc4 Kh8 25.e4 Qc7 26.e5 Ng8 27.g4 Qe7 28.Qg3 Nh6 29.Bd3 Red8
30.Bb1 Rc7 31.Kg2 Kg8 32.Ne4 Nd5 33.Ba2 Qb4 34.Bxd5 Rxd5 35.Qa3 Qb6 36.Rc5 Rcd7
37.Nd6 Qd8 38.Rxd5 exd5 39.f4 Qe7 40.Rf1 f5 41.gxf5 Nxf5 42.Nxf5 Qxa3 43.bxa3 gxf5
44.Kf3 Kf7 45.h4 Rd8 46.Rg1 Rh8 47.Kg3 g6 48.h5 gxh5 49.Kh4 Rg8 50.e6+  1-0

[Event "Vienna op"]
[Site "Vienna"]
[Date "1995.??.??"]
[Round "6"]
[White "Landa, Konstantin"]
[Black "Savchenko, Stanislav"]
[Result "1/2-1/2"]
[WhiteElo "2515"]
[BlackElo "2590"]

1.d4 d5 2.Nf3 Nf6 3.c4 dxc4 4.Nc3 c6 5.a4 Bf5 6.Ne5 e6 7.f3 Bb4 8.e4 Bxe4
9.fxe4 Nxe4 10.Bd2 Qxd4 11.Nxe4 Qxe4+ 12.Qe2 Bxd2+ 13.Kxd2  1/2-1/2

[Event "Villa Martelli"]
[Site "Villa Martelli"]
[Date "1995.??.??"]
[Round "3"]
[White "Hoffman, Alejandro"]
[Black "Iglesias, J."]
[Result "1-0"]
[WhiteElo "2495"]
[BlackElo "2300"]

1.d4 d5 2.c4 c6 3.Nf3 Nf6 4.Nc3 dxc4 5.a4 Bf5 6.Ne5 e6 7.f3 c5 8.e4 cxd4
9.exf5 Nc6 10.Nxc6 bxc6 11.fxe6 fxe6 12.Bxc4 Bb4 13.Bd2 dxc3 14.bxc3 Bc5
15.Bxe6 Ne4 16.Qe2 Qh4+ 17.Kd1 Nf2+ 18.Kc2 Nxh1 19.Qa6 Qh5 20.Qxc6+ Ke7 21.Re1  1-0

[Event "Wattens op"]
[Site "Wattens"]
[Date "1995.??.??"]
[Round "?"]
[White "Kondrak, Christoph"]
[Black "Kuporosov, Viktor"]
[Result "0-1"]
[WhiteElo "2060"]
[BlackElo "2495"]

1.d4 Nf6 2.c4 c6 3.Nf3 d5 4.Nc3 dxc4 5.a4 Bf5 6.e3 e6 7.Bxc4 Bb4 8.O-O O-O
9.Qb3 Qe7 10.Ne5 c5 11.Bd3 cxd4 12.exd4 Bxd3 13.Nxd3 Nc6 14.Bg5 Bd6 15.d5 Nd4
16.Qd1 h6 17.Bxf6 Qxf6 18.Qg4 Rfe8 19.Ne4 Qf5 20.Qxf5 Nxf5 21.Nxd6 Nxd6 22.dxe6 Rxe6
23.Rfe1 Rxe1+ 24.Rxe1 Rc8 25.Rc1 Rxc1+ 26.Nxc1 f6 27.f3 Kf7 28.Kf2 Ke6 29.Ke2 Kd5
30.Kd3 Nf5 31.Ne2 Nh4 32.Nc3+ Kc5 33.Nb5 Nxg2 34.Nxa7 Kb4 35.Nb5 Kxa4 36.Kc4 Ne3+
37.Kc5 Kb3 38.Nd6 Nf1 39.h3 Nd2 40.f4 Kxb2 41.Nxb7 Kc3 42.Kd5 Kd3 43.Nd6 Ke3
44.f5 Kf4 45.Ne8 Kxf5 46.Nxg7+ Kg6 47.Ne6 Nf3 48.Nf4+ Kg5 49.Ng2 f5 50.Ne3 Kf4
51.Nf1 Ng5 52.h4 Nf3  0-1

[Event "Werfen op"]
[Site "Werfen"]
[Date "1995.??.??"]
[Round "9"]
[White "Hertneck, Gerald"]
[Black "Herndl, Harald"]
[Result "1-0"]
[WhiteElo "2570"]
[BlackElo "2350"]

1.d4 d5 2.c4 c6 3.Nf3 Nf6 4.Nc3 dxc4 5.a4 Bf5 6.Ne5 c5 7.e3 cxd4 8.Bxc4 e6
9.exd4 Bb4 10.O-O O-O 11.g4 Bg6 12.h4 Bxc3 13.bxc3 Be4 14.Ba3 Re8 15.Re1 Bd5
16.g5 Nfd7 17.Nxf7 Kxf7 18.Bxd5 Nc6 19.Rxe6 Rxe6 20.Qh5+ Kg8 21.Bxe6+ Kh8
22.Bf5 Qg8  1-0

[Event "Oberliga Wuert9495"]
[Site "Wuerttemberg"]
[Date "1995.??.??"]
[Round "?"]
[White "Trettin, Ulrich"]
[Black "Keller, Wolfgang"]
[Result "1/2-1/2"]
[WhiteElo "2280"]
[BlackElo "2225"]

1.d4 d5 2.c4 c6 3.Nf3 Nf6 4.Nc3 dxc4 5.a4 Bf5 6.e3 e6 7.Bxc4 Bb4 8.O-O O-O
9.Qe2 Nbd7 10.e4 Bg6 11.e5 Nd5 12.Nxd5 cxd5 13.Bd3 Qe7 14.Bxg6 hxg6 15.Ng5 Rfe8
16.Be3 f6 17.exf6 gxf6 18.Nf3  1/2-1/2

[Event "Zadar op"]
[Site "Zadar"]
[Date "1995.??.??"]
[Round "?"]
[White "Cvitan, Ognjen"]
[Black "Petrov, Jole"]
[Result "1-0"]
[WhiteElo "2520"]
[BlackElo "2275"]

1.d4 d5 2.c4 c6 3.Nf3 Nf6 4.Nc3 dxc4 5.a4 Bf5 6.Nh4 Bc8 7.e3 e5 8.Bxc4 exd4
9.exd4 Bd6 10.O-O O-O 11.Re1 Bg4 12.Qd3 Nd5 13.Nf5 Nb4 14.Qe4 Bxf5 15.Qxf5 Qh4
16.g3 Qxd4 17.Bb3 g6 18.Qf3 Qg7 19.Ne4 Be5 20.Bg5 Nd5 21.Bxd5 cxd5 22.Nf6+ Bxf6
23.Bxf6 Qh6 24.Qxd5 Nc6 25.Re4 Rfe8 26.Rae1 Qf8 27.Qd7 Rxe4 28.Rxe4 Qc8 29.Qd5 a5
30.h4 Nb4 31.Qg5 Qc6 32.Rc4 Qe6 33.Rd4 Re8 34.Re4 Qc8 35.Qh6  1-0

[Event "EU-ch U18 Girls"]
[Site "Zagan"]
[Date "1995.??.??"]
[Round "2"]
[White "Bobrowska, Monika"]
[Black "Kononenko, Tatiana"]
[Result "0-1"]
[WhiteElo "2310"]
[BlackElo "2240"]

1.d4 d5 2.Nf3 Nf6 3.c4 c6 4.Nc3 dxc4 5.a4 Bf5 6.e3 e6 7.Bxc4 Bb4 8.O-O Nbd7
9.Qb3 Qb6 10.Nh4 O-O 11.Nxf5 exf5 12.Qc2 g6 13.Bd2 a5 14.Rab1 f4 15.Ne2 Bxd2
16.Qxd2 fxe3 17.fxe3 Rae8 18.Nc3 Qd8 19.Bd3 Nb6 20.Rf3 Nbd5 21.Re1 Ng4 22.Nxd5 cxd5
23.h3 Nf6 24.Rc1 Re6 25.b4 axb4 26.Qxb4 b6 27.Bb5 Ne4 28.Qe1 Qe7 29.h4 Nd6
30.Bc6 Nf5 31.Bxd5 Nxd4 32.Bxe6 Nxf3+ 33.gxf3 Qxe6 34.e4 h5 35.Qe3 Kh7 36.Rb1 Rd8
37.Qxb6 Rd1+ 38.Kf2 Qa2+ 39.Rb2 Qa1 40.Qb4 Rh1 41.Ke3 Qc1+ 42.Rd2 Re1+ 43.Kd3 Qa3+
44.Kd4 Qe3+  0-1

[Event "Zalakaros op"]
[Site "Zalakaros"]
[Date "1995.??.??"]
[Round "4"]
[White "Horvath, Julia"]
[Black "Benesch, Heribert"]
[Result "1/2-1/2"]
[WhiteElo "2270"]
[BlackElo "2060"]

1.d4 d5 2.Nf3 Nf6 3.c4 c6 4.Nc3 dxc4 5.a4 Bf5 6.e3 e6 7.Bxc4 Bb4 8.O-O Nbd7
9.Bd3 O-O 10.e4 Bg6 11.e5 Nd5 12.Bxg6 hxg6 13.Nxd5 cxd5 14.Ng5 Be7 15.Qg4 Bxg5
16.Bxg5 Qb6 17.Ra3 f5 18.Qf4 Rfc8 19.Rh3 Kf7 20.Rh7 Rc4 21.Bf6 Rg8 22.Bh4 Qxd4
23.Qg5 Qc5 24.h3 Nf8 25.Qf6+ Ke8 26.Qd8+ Kf7 27.Qf6+ Ke8 28.Qd8+ Kf7  1/2-1/2

[Event "Zalakaros op"]
[Site "Zalakaros"]
[Date "1995.??.??"]
[Round "5"]
[White "Petran, Pal"]
[Black "Varga, Peter"]
[Result "0-1"]
[WhiteElo "2470"]
[BlackElo "2440"]

1.d4 d5 2.Nf3 Nf6 3.c4 c6 4.Nc3 dxc4 5.a4 Bf5 6.e3 e6 7.Bxc4 Bb4 8.O-O O-O
9.Qe2 Bg4 10.Rd1 Nbd7 11.e4 Qc7 12.e5 Nd5 13.Nxd5 exd5 14.Bd3 f6 15.exf6 Nxf6
16.Be3 Rae8 17.h3 Bh5 18.Qc2 Bxf3 19.gxf3 Bd6 20.Bg5 Kh8 21.Re1 Qf7 22.Rxe8 Rxe8
23.h4 g6 24.f4 Ne4 25.Re1 Bxf4 26.Bxe4 Bxg5 27.hxg5 Qf4 28.Qc3 dxe4 29.d5+ Kg8
30.dxc6 Qxg5+ 31.Kf1 bxc6 32.Qxc6 Qe5 33.b4 Re7 34.Qc4+ Kg7 35.b5 h5 36.Re3 Qh2
37.Qd4+ Kh7 38.a5 Qh1+ 39.Ke2 Qb1 40.Qc4 Rd7 41.Rxe4 Qd1+ 42.Ke3 Qd2+ 43.Kf3 Qxa5
44.Re8 Rg7 45.Kg2 Qb6 46.Qc6 Qd4 47.Qe4 Qf6 48.Re5 Rf7 49.f4 Kg7 50.Kg3 Qb6
51.Qe3 Qd6 52.Rg5 Re7 53.Qc3+ Kh7 54.Re5 Rf7 55.Qc4 Rc7 56.Rd5 Qa3+ 57.Rd3 Qe7
58.Qd4 Qe6  0-1

[Event "Zaragoza op-A"]
[Site "Zaragoza"]
[Date "1995.??.??"]
[Round "1"]
[White "Comas Fabrego, Luis"]
[Black "Kirov, Nino"]
[Result "0-1"]
[WhiteElo "2490"]
[BlackElo "2455"]

1.d4 d5 2.c4 c6 3.Nf3 Nf6 4.Nc3 dxc4 5.a4 Bf5 6.e3 e6 7.Bxc4 Bb4 8.O-O O-O
9.Qe2 Bg6 10.Ne5 Nbd7 11.Nxg6 hxg6 12.Rd1 Qa5 13.Na2 Bd6 14.e4 e5 15.dxe5 Qxe5
16.f4 Bc5+ 17.Kf1 Qe7 18.e5 Nd5 19.b4 Bxb4 20.Bxd5 cxd5 21.Nxb4 Qxb4 22.Rxd5 Nb6
23.Rb5 Qd4 24.Ra3 Rac8 25.Be3 Qd7 26.Rd3 Qf5 27.Bxb6 axb6 28.Rb4 Rc1+ 29.Kf2 Rfc8
30.Rd2 R8c2 31.Kg3 Rc3+ 32.Kh4 Rh1 33.Rd8+ Kh7 34.g4 Qe6 35.Rd6 Qe7+ 36.g5 Qc7
37.Rbd4 Qc8 38.e6 fxe6 39.f5 exf5 40.Rxg6 Qe8 41.Re6 Rxh2+ 42.Qxh2 Qxe6 43.Qg1 Qe3
44.Qxe3 Rxe3 45.Rd7 Rb3 46.Re7 Kg6 47.Re6+ Kf7 48.Rd6 Rb4+ 49.Kg3 Rxa4 50.Rxb6 Rg4+
51.Kf3 Rxg5 52.Kf4 Rh5 53.Rxb7+ Kg6 54.Rb6+ Kh7 55.Rb7 Kh6 56.Rb8 Rg5 57.Ra8 g6  0-1

[Event "Zaragoza op-A"]
[Site "Zaragoza"]
[Date "1995.??.??"]
[Round "3"]
[White "Khenkin, Igor"]
[Black "Kirov, Nino"]
[Result "1-0"]
[WhiteElo "2530"]
[BlackElo "2455"]

1.d4 d5 2.Nf3 c6 3.c4 Nf6 4.Nc3 dxc4 5.a4 Bf5 6.Nh4 e6 7.Nxf5 exf5 8.e3 Bd6
9.Bxc4 O-O 10.h3 Qd7 11.g4 fxg4 12.hxg4 Qxg4 13.Qxg4 Nxg4 14.e4 Na6 15.Bxa6 bxa6
16.f3 Nh6 17.Bxh6 gxh6 18.Rxh6 f6 19.Rh5 Rab8 20.O-O-O Rf7 21.e5 Be7 22.e6 Rg7
23.d5 cxd5 24.Nxd5 Kf8 25.f4 Rb7 26.Rh6 Bd8 27.Nxf6 Rgc7+ 28.Kb1 Bxf6 29.Rxf6+ Kg7
30.Rf5 Kg6 31.Rf8 Kg7 32.Rf5 Kg6 33.Rf8 Kg7 34.Rdd8 Rc4 35.f5 Rf4 36.Rg8+ Kf6
37.Rd7 Rfb4 38.Rf8+ Kg5 39.Rxb7 Rxb7 40.Rf7 Rb4 41.e7 Re4 42.f6 h5  1-0

[Event "Zuerich op"]
[Site "Zuerich"]
[Date "1995.??.??"]
[Round "4"]
[White "Sulava, Nenad"]
[Black "Van der Sterren, Paul"]
[Result "1-0"]
[WhiteElo "2390"]
[BlackElo "2545"]

1.d4 d5 2.c4 dxc4 3.Nf3 Nf6 4.Nc3 c6 5.a4 Bf5 6.Ne5 e6 7.f3 Bb4 8.e4 Bxe4
9.fxe4 Nxe4 10.Bd2 Qxd4 11.Nxe4 Qxe4+ 12.Qe2 Bxd2+ 13.Kxd2 Qd5+ 14.Kc3 Na6
15.Nxc4 O-O-O 16.Qe3 c5 17.Ne5 Nb4 18.Bc4 Qxg2 19.Qxc5+ Kb8 20.Qxb4 Qh3+
21.Nd3 Rxd3+ 22.Bxd3 Rc8+ 23.Kd2 Qg2+ 24.Ke3 Qh3+ 25.Kf2 Qxd3 26.Qf4+ e5
27.Qxe5+ Ka8 28.Rhc1 Qd2+ 29.Kf3 Qd3+ 30.Qe3 Qf5+ 31.Kg2 Qg6+ 32.Kh1  1-0

[Event "BRA-ch"]
[Site "Americana"]
[Date "1996.??.??"]
[Round "1"]
[White "Leitao, Rafael"]
[Black "Loureiro, Luiz"]
[Result "1/2-1/2"]
[WhiteElo "2475"]
[BlackElo "2365"]

1.d4 d5 2.c4 c6 3.Nf3 Nf6 4.Nc3 dxc4 5.a4 Bf5 6.e3 e6 7.Bxc4 Bb4 8.O-O O-O
9.Qe2 Nbd7 10.e4 Bg6 11.Bd3 Bh5 12.Bf4 Re8 13.e5 Nd5 14.Nxd5 exd5 15.h3 Bg6
16.Bg3 Qb6 17.Rad1 a5 18.Nh4 Bxd3 19.Rxd3 c5 20.Qg4 Rad8 21.Nf5 Qg6 22.Bh4 Qxg4
23.hxg4 c4 24.Re3 Rb8 25.f4 b5 26.axb5 Rxb5 27.Be1 Bf8 28.Bc3 g6 29.Ng3 Nc5
30.f5 Na4 31.Ne2 Bh6 32.Rh3 Bg5 33.Ra1 Nxb2 34.Bxa5 Ra8 35.Rha3 Rb3 36.R3a2 Nd3
37.Bc3 Rab8 38.Ra5 Nf4 39.Nxf4 Bxf4 40.Ra8 Kg7 41.f6+ Kh6 42.Rxb8  1/2-1/2

[Event "BRA-ch"]
[Site "Americana"]
[Date "1996.??.??"]
[Round "10"]
[White "Leitao, Rafael"]
[Black "Toth, Christian Endre"]
[Result "1-0"]
[WhiteElo "2475"]
[BlackElo "2380"]

1.d4 d5 2.c4 c6 3.Nc3 Nf6 4.Nf3 dxc4 5.a4 Bf5 6.e3 e6 7.Bxc4 Bb4 8.O-O O-O
9.Qe2 Ne4 10.Bd3 Nxc3 11.bxc3 Bxd3 12.Qxd3 Be7 13.e4 Qc7 14.g3 Nd7 15.Bf4 Bd6
16.Bxd6 Qxd6 17.e5 Qe7 18.Rab1 Rab8 19.Nd2 Rfd8 20.Nc4 h6 21.f4 f5 22.Qe2 Kh7
23.a5 b5 24.axb6 axb6 25.Qf3 Rdc8 26.Nd6 Rc7 27.g4 g6 28.gxf5 gxf5 29.Kh1 Nf6
30.Rg1 Ng4 31.h3 Qh4 32.Qg3 Qh5 33.Ne4 fxe4 34.Qxg4 Qxg4 35.hxg4 Rf7 36.Rbf1 h5
37.f5 hxg4 38.f6 Rg8 39.Rf4 e3 40.Rfxg4 Rxg4 41.Rxg4 Ra7 42.Kg2 Ra2+ 43.Kf3 Rc2
44.c4 b5 45.Kxe3  1-0

[Event "Ashkhabad"]
[Site "Ashkhabad"]
[Date "1996.??.??"]
[Round "2"]
[White "Batyrow, Sapar"]
[Black "Kakageldyev, Amanmurad"]
[Result "1/2-1/2"]
[WhiteElo "2360"]
[BlackElo "2475"]

1.d4 d5 2.Nf3 Nf6 3.c4 c6 4.Nc3 dxc4 5.a4 Bf5 6.e3 e6 7.Bxc4 Bb4 8.O-O Nbd7
9.Qe2 O-O 10.h3 Bg6 11.Rd1 Qc7 12.Bd2 a5 13.Rac1  1/2-1/2

[Event "AUT-chT2O 9697"]
[Site "Austria"]
[Date "1996.??.??"]
[Round "2"]
[White "Schaubmair, Manfred"]
[Black "Bachmayer, Josef"]
[Result "1-0"]
[WhiteElo "2285"]
[BlackElo "2060"]

1.d4 Nf6 2.Nf3 d5 3.c4 c6 4.Nc3 dxc4 5.a4 Bf5 6.e3 e6 7.Bxc4 Bb4 8.O-O O-O
9.Bd3 Bg6 10.Ne5 Nbd7 11.f4 c5 12.Na2 Ba5 13.Bxg6 hxg6 14.dxc5 Nxc5 15.b4 Qxd1
16.Rxd1 Nb3 17.Rb1 Nxc1 18.Rbxc1 Bb6 19.Nc4 Nd5 20.Kf2 Bd8 21.Kf3 Be7 22.b5 Bc5
23.e4 Nf6 24.Na5 b6 25.Nc6 a6 26.bxa6 Rxa6 27.Rc4 Rfa8 28.Nc3 Ba3 29.Rb1 Nd7
30.Nb4 Ra5 31.Rc7 Rc5 32.Rxc5 bxc5 33.Nc2 Bb4 34.Nxb4 cxb4 35.Rxb4 Rc8 36.Nb5 Ra8
37.Ke3 f6 38.Nc7 Ra7 39.Nxe6 Kf7 40.Nd8+ Ke8 41.Nb7 Nb8 42.Nd6+ Kd7 43.Rb7+ Rxb7
44.Nxb7 Kc6 45.Na5+ Kc5 46.Nb3+ Kb4 47.Nd4 Kxa4 48.Ne6 Kb5 49.Nxg7 Nd7 50.Kd4 Kc6
51.Ne8 f5 52.exf5 gxf5 53.h4 Nf8 54.h5 Kd7 55.Ng7 Ke7 56.Nxf5+ Kf6 57.g4 Ne6+
58.Ke3  1-0

[Event "AUT-chT9596"]
[Site "?"]
[Date "1996.??.??"]
[Round "?"]
[White "Ebner, Hubert"]
[Black "Herndl, Harald"]
[Result "0-1"]
[WhiteElo "2240"]
[BlackElo "2335"]

1.d4 d5 2.c4 c6 3.Nf3 Nf6 4.Nc3 dxc4 5.a4 Bf5 6.Ne5 e6 7.g3 Nbd7 8.Nxc4 Be4
9.Nxe4 Nxe4 10.Bg2 Bb4+ 11.Kf1 Ndf6 12.Be3 O-O 13.Bf3 Qd5 14.Qd3 Rad8 15.Kg2 h5
16.Rhd1 Qf5 17.h4 c5 18.Qb1 b6 19.dxc5 Bxc5 20.Bxc5 Qxc5 21.Bxe4 Qxc4 22.Bf3 g6
23.e3 Qb4 24.Qc2 e5 25.Rac1 Kg7 26.b3 a5 27.Kg1 Rfe8 28.Qb2 Rxd1+ 29.Rxd1 Re7
30.Bc6 Rc7 31.Bb5 Rc3 32.Rd3 Rc5 33.Rd1 Ne4 34.Qb1 Nc3  0-1

[Event "AZE-ch"]
[Site "Baku"]
[Date "1996.??.??"]
[Round "?"]
[White "Maherramzade, Javad"]
[Black "Mirzoev, Azer"]
[Result "1-0"]
[WhiteElo "2405"]
[BlackElo "2265"]

1.Nf3 Nf6 2.c4 c6 3.d4 d5 4.Nc3 dxc4 5.a4 Bf5 6.e3 e6 7.Bxc4 Nbd7 8.O-O Bb4
9.Qe2 Bg6 10.e4 Bxc3 11.bxc3 Nxe4 12.Ba3 Qc7 13.Rfe1 O-O-O 14.Qb2 Rhe8 15.a5 e5
16.Rab1 exd4 17.cxd4 Ndf6 18.a6 b6 19.Rbc1 Nd6 20.Ne5 Nxc4 21.Rxc4 Re6 22.Rxc6 Qxc6
23.Rc1 Rde8 24.h3 Qxc1+ 25.Qxc1+ Kb8 26.Qf4 Kc8 27.Nxg6 hxg6 28.Qf3 Re4 29.Qc3+ Kd7
30.Qc4 R8e6 31.f3 Re1+ 32.Kh2 Rb1 33.d5 Ree1 34.Qc6+ Kd8 35.Qa8+ Kd7 36.Qxa7+ Kd8
37.Qb8+ Kd7 38.Qb7+ Kd8 39.a7 Rh1+ 40.Kg3 Nh5+ 41.Kh4  1-0

[Event "Balatonbereny op"]
[Site "Balatonbereny"]
[Date "1996.??.??"]
[Round "3"]
[White "Pal, Peter"]
[Black "Acs, Peter"]
[Result "0-1"]
[WhiteElo "2285"]
[BlackElo "2440"]

1.d4 d5 2.Nf3 Nf6 3.c4 c6 4.Nc3 dxc4 5.a4 Bf5 6.e3 e6 7.Bxc4 Bb4 8.O-O Nbd7
9.Nh4 O-O 10.f3 Bg6 11.Nxg6 hxg6 12.Qc2 a5 13.Rd1 Qe7 14.e4 e5 15.Be3 exd4
16.Bxd4 Ne5 17.Be2 Rfd8 18.Kh1 g5 19.Na2 Bd6 20.Bb6 Bc7 21.Bc5 Qe6 22.b4 Nh5
23.b5 Nd7 24.Bf2 Qh6 25.Kg1 Bxh2+ 26.Kf1 Be5 27.Rac1 Ng3+  0-1

[Event "Balatonbereny op"]
[Site "Balatonbereny"]
[Date "1996.??.??"]
[Round "5"]
[White "Horvath, Julia"]
[Black "Acs, Peter"]
[Result "0-1"]
[WhiteElo "2305"]
[BlackElo "2440"]

1.d4 d5 2.Nf3 Nf6 3.c4 c6 4.Nc3 dxc4 5.a4 Bf5 6.e3 e6 7.Bxc4 Bb4 8.O-O Nbd7
9.Qe2 Bg6 10.e4 O-O 11.Bd3 Bh5 12.Rd1 e5 13.Be3 Qe7 14.Bc2 exd4 15.Bxd4 Bc5
16.Qe3 Rfe8 17.Qf4 Bd6 18.Qg5 Bxf3 19.gxf3 Ne5 20.Qf5 g6 21.Qh3 Nh5 22.Ne2 Qf6
23.Kg2 Bc7 24.Bc3 Rad8 25.Rxd8 Rxd8 26.Rd1 Qg5+ 27.Kh1 Rxd1+ 28.Bxd1 Nd3
29.Qg2 Qh4 30.Bd4 Ne1 31.Qg1 Nxf3 32.Qg2 Ne1 33.Qg1 Qxe4+ 34.f3 Qxf3+  0-1

[Event "Barbera op"]
[Site "Barbera"]
[Date "1996.??.??"]
[Round "1"]
[White "Mowsziszian, Karen"]
[Black "Catalan, Francisco"]
[Result "1-0"]
[WhiteElo "2470"]
[BlackElo "2070"]

1.d4 d5 2.c4 c6 3.Nf3 Nf6 4.Nc3 dxc4 5.a4 Bf5 6.e3 e6 7.Bxc4 Bb4 8.O-O Nbd7
9.Qe2 Bg6 10.e4 O-O 11.Bd3 a5 12.Bg5 Be7 13.h3 Re8 14.Rfd1 Qc7 15.Rac1 Rad8
16.e5 Nd5 17.Bxg6 fxg6 18.Nxd5 exd5 19.Bxe7 Rxe7 20.Ne1 Qb6 21.Qd2 Nf8 22.g3 Ne6
23.f4 Rf8 24.h4 Ref7 25.Nf3 h6 26.Qd3 Rf5 27.Rc2 g5 28.hxg5 hxg5 29.Rh2 Qb4
30.b3 R8f7 31.Nxg5 Nxg5 32.fxg5 g6 33.g4 Rf4 34.Qxg6+ Kf8 35.Qh6+ Ke7 36.g6 Qxb3
37.Qh4+ Kf8  1-0

[Event "Regionalliga SW9596"]
[Site "Bayern"]
[Date "1996.??.??"]
[Round "?"]
[White "Wiesend, Bruno"]
[Black "Silberhorn, Helmut"]
[Result "1-0"]
[WhiteElo "1965"]
[BlackElo "1995"]

1.d4 d5 2.c4 c6 3.Nf3 Nf6 4.Nc3 dxc4 5.a4 Bf5 6.e3 e6 7.Bxc4 Bb4 8.O-O O-O
9.Qe2 Ne4 10.Na2 Bd6 11.Bd3 Nd7 12.Qc2 Ng5 13.Bxf5 Nxf3+ 14.gxf3 exf5 15.Qxf5 Qh4
16.f4 Rae8 17.Qg5 Qh3 18.Qg2 Qf5 19.Nc3 Bxf4 20.exf4 Re6 21.Kh1 Rfe8 22.Rg1 Rg6
23.Qf1 c5 24.Rxg6 Qxg6 25.d5 Nf6 26.Be3 Ng4 27.Qg1 Qh5 28.Qg3 Nf6 29.Rg1 g6
30.Qg2 b6 31.d6 Qf5 32.Qg5 Qe6 33.Rd1 Ne4 34.Nxe4 Qxe4+ 35.Qg2 Qxa4 36.Qd5 Qd7
37.f5 a5 38.b3 Kg7 39.h3 f6 40.Bf4 g5 41.Bg3 h5 42.h4 g4 43.Kg1 Kf8 44.Kf1 Qb5+
45.Qc4 Qc6 46.Qd5 Qb5+ 47.Kg2 Qd7 48.Rd3 b5 49.Qxc5 a4 50.bxa4 bxa4 51.Re3 Rc8
52.Qd5  1-0

[Event "Regionalliga NO9596"]
[Site "Bayern"]
[Date "1996.??.??"]
[Round "?"]
[White "Boca, Harald"]
[Black "Finger, Helmut"]
[Result "1-0"]
[WhiteElo "1890"]
[BlackElo "1920"]

1.d4 d5 2.c4 c6 3.Nc3 Nf6 4.Nf3 dxc4 5.a4 Bf5 6.e3 e6 7.Bxc4 Bb4 8.O-O O-O
9.Qb3 Qe7 10.Bd2 Nbd7 11.Ne2 Bxd2 12.Nxd2 Nb6 13.f3 e5 14.a5 Nxc4 15.Nxc4 Be6
16.dxe5 Nd7 17.f4 b5 18.axb6 Nxb6 19.Qa3 Qb7 20.Nd6 Qc7 21.Rac1 Rab8 22.Nd4 Bd7
23.e4 Nc8 24.N4f5 Qb6+ 25.Kh1 Qb3 26.Nxc8 Bxc8 27.Ne7+ Kh8 28.Ng6+ hxg6 29.Qxf8+ Kh7
30.Qa3 Qxb2 31.Qxa7 Rb7 32.Qc5 Bd7 33.Rcd1 Qe2 34.Rde1 Qh5 35.Qf2 Rb4 36.Re3 Rd4
37.f5 Kg8 38.Ra3 Rd1 39.Ra8+ Kh7 40.fxg6+ fxg6 41.Ra1 Rd3 42.Qf4 Be6 43.Rac1 Bd7
44.e6 Bxe6 45.Rxc6 Qe2 46.Rxe6  1-0

[Event "Regionalliga SO9596"]
[Site "Bayern"]
[Date "1996.??.??"]
[Round "?"]
[White "Tikovsky, Armin"]
[Black "Doerfler, Guenther"]
[Result "1/2-1/2"]
[WhiteElo "2140"]
[BlackElo "2030"]

1.d4 d5 2.c4 c6 3.Nf3 Nf6 4.Nc3 dxc4 5.a4 Bf5 6.e3 e6 7.Bxc4 Bb4 8.O-O O-O
9.Qb3 Qe7 10.Na2 Ba5 11.Nh4 Bg4 12.f3 Bh5 13.g4 Bg6 14.Nxg6 hxg6 15.Kh1 Rd8
16.Nc3 Qc7 17.Rd1 Nbd7 18.e4 Nb6 19.Bf1 c5 20.Nb5 Qc6 21.Bg5 a6 22.Rac1 c4
23.Bxc4 axb5 24.Bxb5 Qd6 25.Rc5 Qf8 26.e5 Nfd5 27.Bxd8 Qxd8 28.Bc4 Qg5 29.Bxd5 Nxd5
30.Qxb7 Qd8 31.Rdc1 Rb8 32.Qxb8 Qxb8 33.Rc8+ Qxc8 34.Rxc8+ Kh7 35.Rb8 Bb6
36.Rxb6 Nxb6 37.a5 Nc4 38.a6 Kg8 39.Kg2 Kf8 40.Kf2 Ke7 41.Ke2 Kd7 42.b4 Kc6
43.f4 Nb6 44.Kf3 Nd5 45.Ke4 Nxb4 46.a7 Kb7 47.f5 Nd5 48.h4 Kxa7 49.h5 gxf5+
50.gxf5 Kb6 51.f6 gxf6 52.h6 f5+ 53.Kf3 Ne7 54.Kf4 Kc7 55.h7 Kd7 56.Kg5 Ng6
57.Kf6 Ke8 58.d5 exd5 59.e6 Kf8 60.exf7 Nh8 61.Kxf5 Nxf7  1/2-1/2

[Event "Oberliga Bayern9697"]
[Site "Bayern"]
[Date "1996.??.??"]
[Round "?"]
[White "Schmidt, Wlodzimierz"]
[Black "Gruenberg, Hans Ulrich"]
[Result "1-0"]
[WhiteElo "2430"]
[BlackElo "2440"]

1.Nf3 Nf6 2.c4 c6 3.Nc3 d5 4.d4 dxc4 5.a4 Bf5 6.Ne5 e6 7.f3 Bb4 8.Nxc4 c5
9.dxc5 Qxd1+ 10.Kxd1 Bxc5 11.e4 Bg6 12.Nb5 Na6 13.Nbd6+ Ke7 14.Nxb7 Bb4 15.Ne5 Nb8
16.a5 Nfd7 17.Nd3 Bd6 18.Nxd6 Kxd6 19.Bd2 Nc6 20.Bc3 e5 21.Kd2 Rab8 22.Be2 f6
23.Ke3 Bf7 24.Rhd1 Ke7 25.g3 Rhd8 26.Rac1 Bb3 27.Re1 Rdc8 28.f4 Rb5 29.Nxe5  1-0

[Event "Oberliga Bayern9697"]
[Site "Bayern"]
[Date "1996.??.??"]
[Round "?"]
[White "Jirovsky, Pavel"]
[Black "Olbrich, Marina"]
[Result "1/2-1/2"]
[WhiteElo "2325"]
[BlackElo "2310"]

1.d4 d5 2.c4 c6 3.Nf3 Nf6 4.Nc3 dxc4 5.a4 Bf5 6.e3 e6 7.Bxc4 Bb4 8.O-O O-O
9.Qe2 Nbd7 10.e4 Bg6 11.Bd3 Re8 12.e5 Bxd3 13.Qxd3 Nd5 14.Nxd5 exd5 15.Ng5 Nf8
16.f4 f6 17.Nf3 c5 18.dxc5 Bxc5+ 19.Kh1 fxe5 20.Nxe5 Qd6 21.Bd2 Rad8 22.Rad1 Re6  1/2-1/2

[Event "Beersheba"]
[Site "Beersheba"]
[Date "1996.??.??"]
[Round "4"]
[White "Tunik, Gennady"]
[Black "Bykhovsky, Avigdor"]
[Result "1/2-1/2"]
[WhiteElo "2475"]
[BlackElo "2405"]

1.d4 d5 2.c4 c6 3.Nf3 Nf6 4.Nc3 dxc4 5.a4 Bf5 6.Ne5 Nbd7 7.Nxc4 Qc7 8.g3 e5
9.dxe5 Nxe5 10.Bf4 Rd8 11.Qc1 Bd6 12.Nxd6+ Qxd6 13.Bg2 O-O 14.O-O a6 15.a5 Qe6
16.Ra4 Ng6 17.Bg5 h6 18.Bxf6 Qxf6 19.e4 Bc8 20.f4 Rd4 21.e5 Qd8 22.Rd1 Rxd1+
23.Qxd1 Qxd1+ 24.Nxd1 Rd8 25.Ne3 Ne7 26.Bf1 Rd2 27.Nc4 Rd1 28.Kf2 Be6 29.b3 c5
30.Bg2 Nc6 31.Be4 Rc1 32.Nd6 Bxb3 33.Ra3 c4 34.Nxb7 Nd4 35.Nc5 Nb5 36.Nxb3 Rc3
37.Ra4 cxb3 38.Rb4 Kf8 39.Ke2 Rc5 40.Kd3 Nc7 41.Rxb3 Rxa5 42.Rc3 Ne6 43.Ke3 g6
44.Bd3 h5 45.Rc8+ Kg7 46.Bc4 Ra3+ 47.Kd2 h4 48.Rc6 hxg3 49.hxg3 Rxg3 50.Bxe6 fxe6
51.Rxe6 a5  1/2-1/2

[Event "Belgrade Yugometal (Women)"]
[Site "Belgrade"]
[Date "1996.??.??"]
[Round "3"]
[White "Cramling, Pia"]
[Black "Gaponenko, Inna"]
[Result "1-0"]
[WhiteElo "2545"]
[BlackElo "2340"]

1.d4 d5 2.c4 c6 3.Nf3 Nf6 4.Nc3 dxc4 5.a4 Bf5 6.Nh4 Bc8 7.e3 e5 8.Bxc4 exd4
9.exd4 Nd5 10.Nf3 Na6 11.Nxd5 cxd5 12.Bb5+ Bd7 13.Qe2+ Be7 14.Bxd7+ Qxd7
15.Ne5 Qc7 16.Qb5+ Kf8 17.O-O Nb4 18.Bf4 a6 19.Nd7+ Ke8 20.Bxc7 axb5 21.Nb6 Rxa4
22.Nxa4 bxa4 23.Rxa4 Kd7 24.Be5 f6 25.Bg3 Nd3 26.Ra5 Kc6 27.b3 Bb4 28.Ra2 Re8
29.Rd1 Bf8 30.Rc2+ Kb6 31.Ra1 Nb4 32.Bc7+  1-0

[Event "Belgrade Yugometal (Women)"]
[Site "Belgrade"]
[Date "1996.??.??"]
[Round "6"]
[White "Maric, Alisa"]
[Black "Skripchenko, Almira"]
[Result "1-0"]
[WhiteElo "2460"]
[BlackElo "2370"]

1.Nf3 d5 2.d4 c6 3.c4 Nf6 4.Nc3 dxc4 5.a4 Bf5 6.Nh4 Bc8 7.e3 e5 8.Bxc4 e4
9.f3 g5 10.fxe4 gxh4 11.O-O Be6 12.Bxe6 fxe6 13.e5 Nd5 14.e4 Ne7 15.Bg5 Qd7
16.d5 cxd5 17.exd5 Na6 18.Qh5+ Ng6 19.Ne4 Bc5+ 20.Kh1 Rf8 21.Rxf8+ Kxf8 22.Rf1+ Kg7
23.Nf6  1-0